| 000 | 01161nam a2200301 a 4500 | ||
|---|---|---|---|
| 001 | 000115644 | ||
| 003 | CHAP | ||
| 005 | 20220329144543.0 | ||
| 008 | 190618s2018 mx a |sm |||||||spa d | ||
| 010 | _a112105 | ||
| 011 | _a113077 | ||
| 040 | _cCHAP | ||
| 090 | _aTesis | ||
| 100 | 1 |
_aVásquez Maldonado, Brígido. _9126303 |
|
| 245 | 1 | 0 |
_aManejo y aprovechamiento de la palma (Chamaedorea ernesti-augustii H. Wendl.) inplicaciones técnicas, sociales y ambientales en ejidos de la cañada, Chiapas _h[En línea] _cpor Brígido Vásquez Maldonado. |
| 260 |
_aChapingo, Méx. : _bEl autor, _c2018. |
||
| 500 | _aPara ver el contenido del material haga clic en la liga | ||
| 502 | _aTesis (M.C. en Desarrollo Rural Regional) -- UACH. Dirección de Centros Regionales Universitarios | ||
| 590 |
_aE6339RRR _b05 _c20190618 _lUCH01 _h1057 |
||
| 590 |
_aE6339RRR _b05 _c20190618 _lUCH01 _h1057 |
||
| 650 | 1 | 4 |
_aEjidos _xChiapas. _936008 |
| 650 | 1 | 4 |
_aEjidos _xNormas. _936023 |
| 650 | 1 | 4 |
_aPalma camedor _xAprovechamiento. _9136156 |
| 856 |
_aFinding aid _uhttp://10.13.5.2/tesis/sist115644.pdf _zTeclea aquí |
||
| 901 | _aBK | ||
| 942 | _cTESIS | ||
| 942 | _n0 | ||
| 999 |
_c112105 _d112105 |
||